000
00316cam a22001217a 4500
008
180718b1967 xxu||||| |||| 00| 0 eng d
082
_a
B12 P819p
245
_a
Population of the world
260
_a
Madras
_b
Higginbothams
_c
1967
300
_a
274p.
440
_a
Voice of America Forum lectures
650
_a
Population
999
_c
491876
_d
491876